Producción bovina

Bibliographic Details
Main Author: Castro Ramírez, Alvaro
Format: Section = Libro
Language:Undetermined
Spanish
Published: Costa Rica EUNED 1991
Subjects:
LEADER 00472nam a2200181Ia 4500
008 240830s9999 xx 000 0 und d
040 |a B-ESTELÍ- RUACS / 636.21 C355 
041 |a spa 
082 |a 636.21 C355 
100 1 |a Castro Ramírez, Alvaro 
245 1 0 |a Producción bovina 
260 |a Costa Rica  |b EUNED  |c 1991 
300 |a 428 p. 
650 7 |a GANADO BOVINO -ASPECTOS ECONOMICOS 
650 7 |b  GANADERIA - COMERCIO 
942 |c BK  |2 ddc 
991 |a TEXTO 
999 |c 11375